| 000 | 00592nam a22001577a 4500 | ||
|---|---|---|---|
| 999 |
_c30851 _d30851 |
||
| 008 | 210125b ||||| |||| 00| 0 eng d | ||
| 020 | _a9780826454706 | ||
| 050 | _aG 155 .B84 2012 | ||
| 100 | _a Buhalis, Dimitrios | ||
| 245 |
_aTourism distribution channels : _b practices, issues and transformations/ _cedited by Dimitrios Buhalis and Eric Laws. |
||
| 260 |
_aAustralia: _bCengage Learning, _c2012. |
||
| 300 |
_axviii, 378 pages : _billustrations ; _c25 cm |
||
| 650 | _a Tourism -- Management. | ||
| 650 | _aMarketing channels. | ||
| 942 |
_2lcc _cBOOKS _hG 155 .B84 2012 |
||